[Event "World Blitz 2025"]
[Site "Doha QAT"]
[Date "2025.12.29"]
[Round "5.108"]
[White "Suleymenov, Alisher"]
[Black "Anton Guijarro, David"]
[Result "0-1"]
[WhiteTitle "GM"]
[BlackTitle "GM"]
[WhiteElo "2505"]
[BlackElo "2646"]
[WhiteFideId "13707833"]
[BlackFideId "2285525"]
[EventDate "2025.12.29"]

1. d4 Nf6 2. c4 e6 3. Nc3 Bb4 4. a3 Bxc3+ 5. bxc3 c5 6. e3 Nc6 7. Ne2 Qc7 8. Ng3
h5 9. h4 d5 10. Be2 g6 11. O-O Bd7 12. Qd3 O-O-O 13. e4 dxc4 14. Qxc4 Na5 15.
Qd3 Ng4 16. Bxg4 hxg4 17. Bg5 a6 18. Rfd1 Ba4 19. Re1 Bb5 20. Bxd8 Qxd8 21. c4
Bxc4 22. Qc3 Qxh4 23. f4 gxf3 24. Qxf3 Nb3 25. Rab1 Nxd4 26. Qc3 Kb8 27. Re3
Qh2+ 28. Kf2 Qh4 29. Qxc4 Qf4+ 30. Rf3 Nxf3 31. Ne2 Nd2+ 32. Nxf4 Nxc4 33. a4
Ne5 34. Ne2 Rd8 0-1

[Event "World Blitz 2025"]
[Site "Doha QAT"]
[Date "2025.12.29"]
[Round "5.77"]
[White "Lodici, Lorenzo"]
[Black "Grafl, Florian"]
[Result "1-0"]
[WhiteTitle "GM"]
[BlackTitle "IM"]
[WhiteElo "2590"]
[BlackElo "2343"]
[WhiteFideId "884189"]
[BlackFideId "4645715"]
[EventDate "2025.12.29"]

1. e4 d5 2. exd5 Qxd5 3. Nc3 Qd6 4. g3 Nf6 5. Bg2 Nc6 6. d3 Bf5 7. Nf3 e5 8. O-O
O-O-O 9. Ng5 Bg6 10. Be3 Nd4 11. Nce4 Nxe4 12. Nxe4 Bxe4 13. Bxe4 f5 14. Bxd4
fxe4 15. Qg4+ Kb8 16. Bc3 exd3 17. cxd3 g6 18. Rfe1 Bg7 19. Re3 h5 20. Qe4 h4
21. Rae1 hxg3 22. hxg3 g5 23. Qg2 g4 24. Re4 Qxd3 25. Rxg4 Bf6 26. Qe4 Qd7 27.
Rg6 Qf7 28. Rxf6 Qxf6 29. Bxe5 Qh6 30. Bxh8 Qxh8 31. Qe5 Qg8 32. b3 a6 33. Qe6
Qh7 34. Qe7 Qd3 35. Rc1 c6 36. Qe5+ Ka8 37. Re1 Qf3 38. Qe4 Qc3 39. Kg2 Rf8 40.
Re2 Qf6 41. b4 Qd6 42. a4 Qf6 43. b5 axb5 44. axb5 c5 45. b6 Qxb6 46. Ra2+ Kb8
47. Qe5+ Kc8 48. Ra8+ 1-0

[Event "World Blitz 2025"]
[Site "Doha QAT"]
[Date "2025.12.29"]
[Round "5.78"]
[White "Tissir, Mohamed"]
[Black "Jumabayev, Rinat"]
[Result "0-1"]
[WhiteTitle "IM"]
[BlackTitle "GM"]
[WhiteElo "2293"]
[BlackElo "2560"]
[WhiteFideId "9000240"]
[BlackFideId "13702661"]
[EventDate "2025.12.29"]

1. e4 c5 2. Nc3 e6 3. Nf3 a6 4. d4 cxd4 5. Nxd4 Qc7 6. Bd3 Nf6 7. O-O Bc5 8. Nb3
Be7 9. f4 d6 10. Qe2 Nbd7 11. Bd2 b5 12. Rae1 b4 13. Nd1 Bb7 14. Nf2 a5 15. Nd4
O-O 16. e5 dxe5 17. fxe5 Nd5 18. Kh1 Nc5 19. Ng4 Nxd3 20. cxd3 Qb6 21. Nf3 Rac8
22. Bg5 Kh8 23. Bxe7 Nxe7 24. Ng5 Nf5 25. Rc1 Rxc1 26. Rxc1 h6 27. Ne4 Rd8 28.
Nc5 Ba8 29. Nf2 Qc6 30. Nfe4 Qd5 31. Na4 Qxe5 32. Nb6 Bb7 33. Nc4 Qd5 34. b3
Qxd3 35. Qxd3 Rxd3 36. Nc5 Rc3 37. Rd1 Bd5 38. Na4 Rc2 39. Nxa5 Bxg2+ 40. Kg1
Bd5 41. Nb6 Ne3 42. Re1 Rg2+ 43. Kh1 Re2+ 0-1

[Event "World Blitz 2025"]
[Site "Doha QAT"]
[Date "2025.12.29"]
[Round "5.79"]
[White "Gavrilescu, David"]
[Black "Assylov, Miras"]
[Result "1-0"]
[WhiteTitle "GM"]
[BlackTitle "FM"]
[WhiteElo "2542"]
[BlackElo "2393"]
[WhiteFideId "1227190"]
[BlackFideId "13728873"]
[EventDate "2025.12.29"]

1. e4 c5 2. Nf3 d6 3. d4 cxd4 4. Qxd4 Nc6 5. Qe3 Nf6 6. Be2 e6 7. O-O Be7 8. c4
O-O 9. Nc3 a6 10. Rd1 Qc7 11. b3 b6 12. h3 Bb7 13. Ba3 Rfe8 14. Rac1 Ne5 15. Nd2
Rac8 16. Na4 Ned7 17. b4 Bd8 18. c5 dxc5 19. bxc5 b5 20. Nb2 Be7 21. Nd3 a5 22.
Bb2 e5 23. Bf3 Bf8 24. a4 bxa4 25. Nc4 Nxc5 26. Ncxe5 Qb6 27. Bd4 Qe6 28. Bxc5
Bxc5 29. Rxc5 Rxc5 30. Qxc5 Bxe4 31. Bxe4 Nxe4 32. Qxa5 f6 33. Ng4 Qb3 34. Ne3
Nxf2 35. Kxf2 Rxe3 36. Kxe3 Qxd1 37. Qd8+ Kf7 38. Ne5+ 1-0

[Event "World Blitz 2025"]
[Site "Doha QAT"]
[Date "2025.12.29"]
[Round "5.80"]
[White "Hong, Andrew"]
[Black "Ammar, Sedrani"]
[Result "1-0"]
[WhiteTitle "GM"]
[BlackTitle "FM"]
[WhiteElo "2568"]
[BlackElo "2203"]
[WhiteFideId "2099438"]
[BlackFideId "9312331"]
[EventDate "2025.12.29"]

1. d4 d5 2. Nc3 Nf6 3. Bf4 a6 4. e3 Bf5 5. f3 Bg6 6. g4 e6 7. h4 h5 8. g5 Nfd7
9. Bd3 Bxd3 10. Qxd3 g6 11. Nge2 c5 12. e4 cxd4 13. Qxd4 e5 14. Qxd5 exf4 15.
Qxb7 Nb6 16. Na4 Nxa4 17. Qxa8 Bd6 18. Qd5 O-O 19. O-O-O Be7 20. Qxd8 Bxd8 21.
Nxf4 Nc5 22. Nd5 Ne6 23. f4 Nc6 24. f5 Nc5 25. Rhe1 Re8 26. b4 Na4 27. fxg6 fxg6
28. e5 Be7 29. Nf6+ Bxf6 30. exf6 Rxe1 31. Rxe1 Nb6 32. Re6 1-0

[Event "World Blitz 2025"]
[Site "Doha QAT"]
[Date "2025.12.29"]
[Round "5.81"]
[White "Musovic, Armin"]
[Black "Ganguly, Surya Shekhar"]
[Result "0-1"]
[WhiteTitle "FM"]
[BlackTitle "GM"]
[WhiteElo "2190"]
[BlackElo "2568"]
[WhiteFideId "939935"]
[BlackFideId "5002150"]
[EventDate "2025.12.29"]

1. a3 Nf6 2. Nc3 d5 3. d3 e5 4. Bg5 c6 5. e4 Be6 6. f4 exf4 7. e5 h6 8. Bxf4 d4
9. exf6 dxc3 10. Be5 cxb2 11. Bxb2 gxf6 12. Nf3 Qa5+ 13. Kf2 Qb6+ 14. Bd4 Bc5
15. c3 Nd7 16. Rb1 Qa5 17. Rxb7 Qxc3 18. Bxc5 Nxc5 19. Rb4 Rd8 20. Qe1 Qc2+ 21.
Kg1 Nxd3 22. Qe3 Nxb4 23. axb4 Rg8 24. h3 Rd1 25. Ne1 Qc1 26. Qxc1 Rxc1 27. Kf2
Ke7 28. Bd3 Rb8 29. Be4 Rxb4 30. Bf3 Rb2+ 31. Kg3 Rbb1 32. Kf2 Bd5 33. h4 Bxf3
34. gxf3 Rxe1 0-1

[Event "World Blitz 2025"]
[Site "Doha QAT"]
[Date "2025.12.29"]
[Round "5.82"]
[White "Muntean, Victor"]
[Black "Samadov, Read"]
[Result "0-1"]
[BlackTitle "IM"]
[WhiteElo "2169"]
[BlackElo "2510"]
[WhiteFideId "1054414"]
[BlackFideId "13417444"]
[EventDate "2025.12.29"]

1. e4 c6 2. d4 d5 3. exd5 cxd5 4. Nf3 Nc6 5. Ne5 a6 6. c3 e6 7. Nd2 Bd6 8. f4
Nge7 9. Bd3 O-O 10. O-O Qe8 11. Ndf3 f6 12. Nxc6 bxc6 13. Re1 Bd7 14. Qc2 Qh5
15. Qf2 Ng6 16. g3 e5 17. Bxg6 hxg6 18. dxe5 fxe5 19. Nxe5 Bh3 20. Nf3 Rae8 21.
Be3 Bg4 22. Ng5 Be7 23. h4 Bf5 24. Bc5 Bxc5 25. Qxc5 Qg4 26. Qf2 c5 27. Re3 d4
28. cxd4 cxd4 29. Rxe8 Rxe8 30. Re1 Rc8 31. Nf3 d3 32. Nd2 Kh7 33. Re7 Rc1+ 34.
Kh2 Qd1 35. Rxg7+ Kh6 36. Nf1 Rc2 0-1

[Event "World Blitz 2025"]
[Site "Doha QAT"]
[Date "2025.12.29"]
[Round "5.83"]
[White "Nainys, Zanas"]
[Black "Sankalp, Gupta"]
[Result "0-1"]
[BlackTitle "GM"]
[WhiteElo "2307"]
[BlackElo "2557"]
[WhiteFideId "12844098"]
[BlackFideId "5097010"]
[EventDate "2025.12.29"]

1. d4 Nf6 2. Nf3 d5 3. c4 e6 4. Nc3 Nbd7 5. Qc2 Bb4 6. g3 c5 7. cxd5 exd5 8. Bg2
O-O 9. O-O Bxc3 10. Qxc3 c4 11. Ne5 h6 12. b3 cxb3 13. Qxb3 Re8 14. Bb2 Nf8 15.
a4 b6 16. a5 Ba6 17. axb6 Qxb6 18. Qxb6 axb6 19. Bf3 Ne4 20. Rfd1 f6 21. Nd3 Bc4
22. Nb4 Ne6 23. h4 Nc7 24. e3 Nb5 25. Rac1 Ra4 26. Nc2 Ra2 27. Rb1 Nec3 28. Bxc3
Nxc3 29. Rxb6 Rxc2 30. Ra1 Ra2 31. Rc1 Ne2+ 32. Bxe2 Rxe2 33. Ra1 Ra2 34. Rab1
Re7 35. Rc6 Bd3 36. Rb8+ Kf7 37. Rbc8 Ra1+ 38. Kg2 Be4+ 39. Kh3 Bf3 40. g4 Rg1
41. g5 hxg5 42. hxg5 Rxg5 43. Ra6 Bg4+ 44. Kh4 Bxc8 0-1

[Event "World Blitz 2025"]
[Site "Doha QAT"]
[Date "2025.12.29"]
[Round "5.84"]
[White "Ashwath Kaushik"]
[Black "Murshed, Niaz"]
[Result "0-1"]
[WhiteTitle "FM"]
[BlackTitle "GM"]
[WhiteElo "2345"]
[BlackElo "2341"]
[WhiteFideId "33387230"]
[BlackFideId "10200010"]
[EventDate "2025.12.29"]

1. e4 e5 2. Nf3 Nc6 3. Bc4 Bc5 4. c3 Nf6 5. d4 exd4 6. e5 d5 7. Be2 Ne4 8. cxd4
Bb4+ 9. Bd2 O-O 10. O-O a5 11. a3 Be7 12. Be3 f6 13. exf6 Bxf6 14. Nc3 Nxc3 15.
bxc3 Bf5 16. Rc1 Kh8 17. h3 Qd6 18. a4 Ne7 19. Qd2 Ng6 20. Rfd1 b6 21. Ne5 Nxe5
22. dxe5 Bxe5 23. Qxd5 Qe7 24. Bf3 Rad8 25. Qc6 Rxd1+ 26. Rxd1 h6 27. Bd4 Bd6
28. c4 Re8 29. Bc3 Be4 30. Bxe4 Qxe4 31. Qd7 Re7 32. Qc8+ Kh7 33. g3 Qc2 34. Re1
Qxc3 35. Qf5+ Kg8 36. Qd5+ Kf8 37. Qf5+ Qf6 38. Qc8+ Kf7 39. Rf1 Qe6 40. Qb7 Qe4
41. Qa6 Qd4 42. Qb5 Bxg3 43. Qd5+ Qxd5 44. fxg3+ Ke6 45. cxd5+ Kxd5 46. Rc1 c5
47. Kf2 c4 48. Rb1 Re6 49. Rd1+ Kc5 50. Rb1 c3 51. g4 Kc4 52. h4 c2 53. Rc1 Kc3
54. g5 hxg5 55. hxg5 Kb2 56. Rxc2+ Kxc2 0-1

[Event "World Blitz 2025"]
[Site "Doha QAT"]
[Date "2025.12.29"]
[Round "5.109"]
[White "Aditya, Mittal"]
[Black "George Samir, David"]
[Result "1-0"]
[WhiteTitle "GM"]
[BlackTitle "IM"]
[WhiteElo "2624"]
[BlackElo "2343"]
[WhiteFideId "35042025"]
[BlackFideId "10657789"]
[EventDate "2025.12.29"]

1. d4 Nf6 2. c4 e6 3. Nf3 c5 4. d5 b5 5. Bf4 bxc4 6. Nc3 Qb6 7. e4 d6 8. Bxc4 e5
9. Bd2 Be7 10. O-O O-O 11. h3 Ba6 12. Qe2 Bxc4 13. Qxc4 Nbd7 14. Na4 Qb7 15.
Rab1 Rac8 16. b3 a6 17. Nc3 Nb6 18. Qe2 Qa8 19. Nh4 c4 20. Nf5 Rfe8 21. Be3 cxb3
22. Bxb6 Rxc3 23. Rxb3 Rxb3 24. axb3 Qb7 25. Nxe7+ Rxe7 26. Bd8 Rd7 27. Bxf6
gxf6 28. Rc1 Kf8 29. Rc3 Ke7 30. Qh5 Rc7 31. Rf3 Rc1+ 32. Kh2 Qb4 33. Qf5 Qe1
34. Qxf6+ Kd7 35. Qxf7+ Kc8 36. Qa7 Rc7 37. Qa8+ 1-0

[Event "World Blitz 2025"]
[Site "Doha QAT"]
[Date "2025.12.29"]
[Round "5.110"]
[White "Harikrishnan, A. Ra"]
[Black "Phuyal, Aashish"]
[Result "1-0"]
[WhiteTitle "GM"]
[WhiteElo "2531"]
[BlackElo "1955"]
[WhiteFideId "5081483"]
[BlackFideId "12312649"]
[EventDate "2025.12.29"]

1. Nf3 Nf6 2. g3 d5 3. Bg2 e6 4. O-O Be7 5. c4 O-O 6. b3 c5 7. cxd5 exd5 8. d4
Nc6 9. Bb2 Bg4 10. Ne5 Bf5 11. Nxc6 bxc6 12. dxc5 Bxc5 13. Nc3 Rc8 14. Rc1 Re8
15. Na4 Bd6 16. e3 Qe7 17. Qd4 Be4 18. Bh3 c5 19. Qd1 Rcd8 20. Nc3 Bg6 21. Ne2
Bh5 22. Qe1 d4 23. Nf4 dxe3 24. Bxf6 Qxf6 25. Nxh5 Qh6 26. Bg4 e2 27. Bxe2 Re5
28. Qd1 Rde8 29. Bf3 Rf5 30. Bg4 Rg5 31. Rc4 Bf8 32. Nf4 1-0

[Event "World Blitz 2025"]
[Site "Doha QAT"]
[Date "2025.12.29"]
[Round "5.111"]
[White "Agmanov, Zhandos"]
[Black "Chekh Adm Khedr, Aram"]
[Result "1-0"]
[WhiteTitle "IM"]
[BlackTitle "FM"]
[WhiteElo "2471"]
[BlackElo "2139"]
[WhiteFideId "13708309"]
[BlackFideId "7601948"]
[EventDate "2025.12.29"]

1. e4 c5 2. c3 d5 3. exd5 Qxd5 4. d4 e6 5. Nf3 Nf6 6. Be2 Nc6 7. O-O cxd4 8.
cxd4 Be7 9. Nc3 Qd8 10. Be3 O-O 11. a3 b6 12. Rc1 Bb7 13. Bd3 Nd5 14. Nxd5 Qxd5
15. Qc2 h6 16. Be4 Qd6 17. Bxc6 Rac8 18. Ne5 Bf6 19. Qe4 Bxe5 20. Bxb7 Bxh2+ 21.
Kh1 Rb8 22. Ba6 f5 23. Qc6 Qe7 24. Kxh2 f4 25. Qe4 fxe3 26. fxe3 b5 27. Rxf8+
Rxf8 28. Bxb5 Rf5 29. Bd3 Qd6+ 30. Kg1 Qd7 31. Qa8+ Rf8 32. Bh7+ 1-0

[Event "World Blitz 2025"]
[Site "Doha QAT"]
[Date "2025.12.29"]
[Round "5.112"]
[White "Begmuratov, Khumoyun"]
[Black "Bodemar, Jonathan"]
[Result "1-0"]
[WhiteTitle "IM"]
[BlackTitle "CM"]
[WhiteElo "2451"]
[BlackElo "2154"]
[WhiteFideId "14210207"]
[BlackFideId "6205488"]
[EventDate "2025.12.29"]

1. e4 e6 2. d3 d5 3. Nd2 Nf6 4. Ngf3 c5 5. g3 Be7 6. Bg2 O-O 7. O-O Nc6 8. Re1
b5 9. e5 Nd7 10. Nf1 a5 11. h4 b4 12. N1h2 Re8 13. h5 h6 14. Ng4 Bf8 15. Bf4 a4
16. Qd2 Qe7 17. Ngh2 a3 18. b3 f6 19. exf6 Qxf6 20. Ng4 Qf7 21. Nh4 Qxh5 22. Qe2
Nd4 23. Qd1 Qf7 24. Nf3 Nxf3+ 25. Bxf3 Bb7 26. Bg2 Rac8 27. Qd2 g5 28. Be5 Qg6
29. Rad1 h5 30. Nh2 Nxe5 31. Rxe5 Bg7 32. Rxg5 Qf7 33. Bf3 d4 34. Bxh5 Qd7 35.
Ng4 Qd5 1-0

[Event "World Blitz 2025"]
[Site "Doha QAT"]
[Date "2025.12.29"]
[Round "5.113"]
[White "Tran, Thanh Tu"]
[Black "Dinham, James"]
[Result "1-0"]
[WhiteTitle "IM"]
[WhiteElo "2402"]
[BlackElo "2091"]
[WhiteFideId "12401404"]
[BlackFideId "14327023"]
[EventDate "2025.12.29"]

1. d4 Nf6 2. Nc3 d5 3. Bf4 a6 4. e3 h6 5. Bd3 c5 6. h3 Nc6 7. Nf3 cxd4 8. exd4
Qb6 9. Rb1 e6 10. a3 Bd7 11. Ne2 Be7 12. c3 O-O 13. O-O Rac8 14. Re1 Qa7 15. Ng3
Ne8 16. Bc2 f5 17. Ne5 Nxe5 18. Bxe5 Bd6 19. Qh5 Bxe5 20. Rxe5 Nf6 21. Qh4 b5
22. Rbe1 a5 23. Rxe6 Bxe6 24. Rxe6 Ne4 25. Nh5 Rc7 26. Nf4 Rd7 27. Ng6 Rf6 28.
Re8+ Kh7 29. Nf8+ Rxf8 30. Rxf8 Rf7 31. Rd8 Qb7 32. f3 Nd2 33. Qf4 Nc4 34. Bxf5+
g6 35. Bxg6+ Kxg6 36. Qg4+ Kh7 37. Qg8# 1-0

[Event "World Blitz 2025"]
[Site "Doha QAT"]
[Date "2025.12.29"]
[Round "5.114"]
[White "Alhassadi, Yousef A."]
[Black "Nikitenko, Mihail"]
[Result "0-1"]
[WhiteTitle "FM"]
[BlackTitle "GM"]
[WhiteElo "2098"]
[BlackElo "2476"]
[WhiteFideId "9204725"]
[BlackFideId "13506862"]
[EventDate "2025.12.29"]

1. e4 e5 2. Nf3 Nc6 3. d4 d6 4. Nc3 Bg4 5. Bb5 exd4 6. Qxd4 Ne7 7. Qd3 a6 8. Ba4
Ng6 9. Bxc6+ bxc6 10. O-O Be7 11. h3 Bd7 12. Be3 O-O 13. Nd4 Re8 14. Rad1 Qb8
15. Nb3 Bf6 16. Bd4 Bg5 17. Be3 Bh4 18. f4 a5 19. a4 Qb4 20. Qd4 Bf6 21. e5 Be7
22. Ne4 Bf5 23. exd6 Bxe4 24. dxe7 Bxc2 25. Qxb4 axb4 26. Nd4 Bxd1 27. Rxd1 Rxe7
28. Bf2 c5 29. Nc6 Re6 0-1

[Event "World Blitz 2025"]
[Site "Doha QAT"]
[Date "2025.12.29"]
[Round "5.115"]
[White "Damaj, Mohammed"]
[Black "Shogdzhiev, Roman"]
[Result "0-1"]
[WhiteTitle "CM"]
[BlackTitle "IM"]
[WhiteElo "2119"]
[BlackElo "2403"]
[WhiteFideId "11501731"]
[BlackFideId "55653537"]
[EventDate "2025.12.29"]

1. d4 a6 2. e4 c6 3. Nc3 b5 4. f4 d5 5. exd5 cxd5 6. Nf3 Nc6 7. Ne5 Nxe5 8. fxe5
g6 9. Bd3 Bg7 10. O-O Nh6 11. Bxh6 Bxh6 12. Qf3 Be6 13. Ne2 O-O 14. Nf4 Bxf4 15.
Qxf4 Kg7 16. a3 f6 17. exf6+ exf6 18. Rae1 Qd7 19. c3 Rae8 20. Re3 Qf7 21. Rfe1
Bd7 22. Qd6 Rxe3 23. Rxe3 Re8 24. Rxe8 Qxe8 25. Kf2 Qe6 26. Qxe6 Bxe6 27. a4 Bd7
28. Ke3 f5 29. h4 Kf6 30. g3 h6 31. Kf3 g5 32. hxg5+ hxg5 33. a5 Be8 34. Bc2
Bh5+ 35. Ke3 Be8 36. Bd1 Bd7 37. Bf3 Ke6 38. b4 Kd6 39. Be2 Be6 40. Bd3 Ke7 41.
Be2 Kf6 42. Bd1 Bf7 43. Bf3 Ke6 44. Be2 Kd6 45. Bd3 Be6 46. Be2 Bc8 47. Bd3 Ke6
48. Be2 Kf6 49. Bd1 Kg6 50. Bf3 Be6 51. Be2 Kf6 52. Bd1 Bd7 53. Bf3 Ke6 54. Be2
Kd6 55. Bf3 Be6 56. Bh5 Ke7 57. Bf3 Kd6 58. Bh5 Bd7 59. Be2 Ke6 60. Bf3 Bc6 61.
Be2 Ke7 62. Bd3 Kf6 63. Be2 Kg6 64. Bf3 g4 65. Be2 Kg5 66. Bf1 Bd7 67. Bg2 Be6
68. Bf1 f4+ 69. gxf4+ Kh4 70. Kf2 g3+ 71. Kf3 Bg4+ 72. Kg2 0-1

[Event "World Blitz 2025"]
[Site "Doha QAT"]
[Date "2025.12.29"]
[Round "5.116"]
[White "AlJamaat, Khaled"]
[Black "Suleimen, Ergali"]
[Result "0-1"]
[BlackTitle "IM"]
[WhiteElo "1719"]
[BlackElo "2419"]
[WhiteFideId "12102415"]
[BlackFideId "13724452"]
[EventDate "2025.12.29"]

1. e4 c5 2. Ne2 Nc6 3. g3 Nf6 4. Bg2 e6 5. Nbc3 a6 6. a4 Be7 7. O-O O-O 8. d4
cxd4 9. Nxd4 Qc7 10. Be3 Na5 11. Bf4 d6 12. Be3 Bd7 13. Qd3 Rac8 14. Bg5 Nc4 15.
Rab1 h6 16. Bxf6 Bxf6 17. Nce2 Bxa4 18. b3 Ne5 19. Qd2 Bd7 20. f4 Nc6 21. Nxc6
Bxc6 22. Kh1 Rfd8 23. Rfd1 d5 24. e5 Be7 25. Nd4 Be8 26. b4 Qc3 27. Qxc3 Rxc3
28. f5 exf5 29. Nxf5 Bf8 30. Rxd5 Rxd5 31. Bxd5 Rxc2 32. Bxb7 Re2 33. Bxa6 Bc6+
34. Kg1 Rg2+ 35. Kf1 Rxh2 36. Rb3 Rh5 37. g4 Rg5 38. Be2 h5 39. Nd4 Bd5 40. Rc3
hxg4 41. b5 g3 42. b6 g2+ 43. Kg1 Rxe5 44. Rc2 Re4 45. Bf3 Rxd4 46. Bxd5 Rxd5
47. Rb2 Rd8 48. Kxg2 Bd6 49. Kf3 Kf8 50. Ke4 Ke7 51. Rb3 Ke6 52. Rb5 g6 53. Kd4
f5 54. Kc4 g5 55. Kb3 g4 56. b7 g3 57. Kc4 g2 58. Rb1 f4 59. Kd3 Bc5+ 60. Ke4
g1=Q 61. Rb6+ Bxb6 62. Kxf4 Qe3+ 63. Kg4 Rg8+ 0-1

[Event "World Blitz 2025"]
[Site "Doha QAT"]
[Date "2025.12.29"]
[Round "5.117"]
[White "Bai, Adelard"]
[Black "Khayat, Emad"]
[Result "1-0"]
[WhiteTitle "IM"]
[WhiteElo "2417"]
[BlackElo "1927"]
[WhiteFideId "16301188"]
[BlackFideId "21518076"]
[EventDate "2025.12.29"]

1. d4 Nf6 2. Bg5 d5 3. e3 c5 4. Bxf6 gxf6 5. dxc5 e6 6. Nf3 Bxc5 7. Be2 Nc6 8.
O-O O-O 9. c4 d4 10. b4 Bxb4 11. exd4 Ba5 12. d5 Ne7 13. d6 Nf5 14. c5 Bb4 15.
Qc2 Qa5 16. Rc1 b6 17. Nbd2 Qxc5 18. Qe4 Qd5 19. Qxb4 Bb7 20. Bc4 Qxd6 21. Qxd6
Nxd6 22. Bb3 Rac8 23. Kf1 Kg7 24. Ke1 f5 25. a4 a6 26. Bd1 Kf6 27. Rcb1 b5 28.
Be2 bxa4 29. Rxa4 Rc7 30. Rd4 Ke7 31. Rb6 Rd8 32. Bxa6 Bxa6 33. Rxa6 f6 34. Ke2
e5 35. Rd5 Ke6 36. Rda5 h5 37. Ra4 Rg7 38. g3 Rc7 39. Rc4 1-0

[Event "World Blitz 2025"]
[Site "Doha QAT"]
[Date "2025.12.29"]
[Round "5.118"]
[White "Harshavardhan, G B"]
[Black "Gharibyan, Mamikon"]
[Result "1/2-1/2"]
[WhiteTitle "IM"]
[BlackTitle "GM"]
[WhiteElo "2477"]
[BlackElo "2491"]
[WhiteFideId "25059009"]
[BlackFideId "13308300"]
[EventDate "2025.12.29"]

1. e4 d6 2. d4 Nf6 3. Nc3 g6 4. Nf3 Bg7 5. Be3 O-O 6. Qd2 a6 7. Bh6 Nc6 8. Bxg7
Kxg7 9. O-O-O Bg4 10. d5 Ne5 11. Be2 Bxf3 12. gxf3 c6 13. f4 Ned7 14. h4 cxd5
15. exd5 b5 16. Bf3 Nb6 17. f5 Nc4 18. Qf4 Qa5 19. Qd4 Rac8 20. Be2 Qb4 21. Nb1
Qc5 22. fxg6 hxg6 23. h5 Qxd4 24. Rxd4 gxh5 25. Bxh5 Rh8 26. Rg1+ Kf8 27. Be2
Nb6 28. Nc3 Ke8 29. a4 Nxa4 30. Nxa4 bxa4 31. Bxa6 Rc5 32. Bb7 Kd8 33. Rxa4 Kc7
34. Bc6 Nxd5 35. Bxd5 Rxd5 36. Ra7+ Kc6 37. Rxe7 Ra8 38. c4 Rf5 39. Rg2 Rf4 40.
b3 Ra2 41. Re3 f5 42. Rd3 Re4 43. Rg1 Rxf2 44. Rd2 Rf3 45. Kc2 Ree3 46. b4 Rc3+
47. Kd1 Rxc4 48. Ke2 Rff4 49. b5+ Kxb5 50. Rxd6 Kc5 51. Rd3 Rce4+ 52. Re3 Kd4
53. Rd1+ Ke5 54. Rxe4+ fxe4 55. Ra1 Rh4 56. Ra8 Rh2+ 57. Ke3 Rh3+ 1/2-1/2

[Event "World Blitz 2025"]
[Site "Doha QAT"]
[Date "2025.12.29"]
[Round "5.119"]
[White "Sharan, Rao"]
[Black "Medhus, Vitus Bondo"]
[Result "0-1"]
[WhiteTitle "IM"]
[BlackTitle "FM"]
[WhiteElo "2341"]
[BlackElo "2387"]
[WhiteFideId "5073464"]
[BlackFideId "1462547"]
[EventDate "2025.12.29"]

1. Nf3 c5 2. b3 Nc6 3. Bb2 d6 4. d4 cxd4 5. Nxd4 Nf6 6. e3 g6 7. Be2 Bg7 8. O-O
O-O 9. c4 Bd7 10. Nd2 Rc8 11. Rc1 a6 12. Bf3 Qa5 13. Nxc6 Bxc6 14. a3 Rfd8 15.
b4 Qg5 16. Bxc6 Rxc6 17. Nf3 Qh5 18. Qb3 Rdc8 19. h3 Nd7 20. Bxg7 Kxg7 21. Nd4
R6c7 22. Rc2 Qe5 23. Rfc1 Kg8 24. Nf3 Qe4 25. Nd2 Qf5 26. Qb2 Ne5 27. Qb3 Qe6
28. Rc3 b5 29. c5 Qxb3 30. Nxb3 Nc4 31. cxd6 exd6 32. Na5 d5 33. Nb3 Re7 34. Nd4
Rce8 35. Rd3 Rb7 36. Nb3 Re5 37. Nc5 Ra7 38. Rc2 a5 39. Kh2 Kg7 40. Kg3 h5 41.
Rc1 axb4 42. axb4 Ra2 43. Rcd1 Rg5+ 44. Kf4 Kh6 45. Rxd5 Rxg2 46. Ne4 f5 47. Kf3
fxe4+ 48. Kxg2 Nxe3+ 49. Kg3 Nxd1 50. Rxd1 Ra3+ 51. Kf4 Rxh3 52. Kxe4 Rc3 53.
Rd4 h4 54. Kd5 g5 55. Ke5 h3 56. Kf5 Rc4 57. Rd6+ Kh5 58. Rd8 Rf4+ 59. Ke5 Rxb4
60. f3 Kh4 61. Kf5 Rf4+ 62. Ke5 Kg3 63. Rg8 Kxf3 64. Rxg5 Rh4 65. Rf5+ Ke2 66.
Kf6 h2 67. Rxb5 h1=Q 0-1

[Event "World Blitz 2025"]
[Site "Doha QAT"]
[Date "2025.12.29"]
[Round "5.120"]
[White "Al Hosani, Omran"]
[Black "Al Mashikhi, Salim Aliyan"]
[Result "1-0"]
[WhiteTitle "IM"]
[BlackTitle "FM"]
[WhiteElo "2340"]
[BlackElo "1952"]
[WhiteFideId "9308733"]
[BlackFideId "22000046"]
[EventDate "2025.12.29"]

1. e4 c5 2. Nf3 Nc6 3. b4 d6 4. bxc5 dxc5 5. Bb2 Nf6 6. e5 Nd5 7. Nc3 e6 8. Bb5
Be7 9. O-O O-O 10. Bxc6 bxc6 11. Ne4 Ba6 12. d3 c4 13. dxc4 Bxc4 14. Re1 Rb8 15.
Bd4 a5 16. Nd6 Ba6 17. c4 Nf4 18. Qd2 Ng6 19. c5 a4 20. Rab1 Qc7 21. g3 Rxb1 22.
Rxb1 Rb8 23. Rb4 f6 24. exf6 gxf6 25. h4 Bxd6 26. cxd6 Qxd6 27. Rxb8+ Qxb8 28.
Bxf6 Qb1+ 29. Kh2 Qf5 30. Qd8+ Nf8 31. Qe7 Qg4 32. Ne5 1-0

[Event "World Blitz 2025"]
[Site "Doha QAT"]
[Date "2025.12.29"]
[Round "5.121"]
[White "Berend, Fred"]
[Black "Fates, Omer Salah"]
[Result "1-0"]
[WhiteTitle "IM"]
[WhiteElo "2213"]
[BlackElo "2079"]
[WhiteFideId "4000102"]
[BlackFideId "9212035"]
[EventDate "2025.12.29"]

1. Nf3 Nf6 2. g3 g6 3. Bg2 Bg7 4. O-O O-O 5. d3 d6 6. c4 c6 7. Nc3 Bf5 8. h3 Na6
9. e4 Bd7 10. Re1 e5 11. b3 Qc7 12. Kh2 Ne8 13. d4 exd4 14. Nxd4 Qb6 15. Be3 c5
16. Nde2 Nac7 17. Rc1 Ne6 18. Nd5 Qa5 19. Rc2 Kh8 20. Bd2 Qd8 21. Bc3 Bc6 22.
Bxg7+ N8xg7 23. Rd2 f5 24. f4 fxe4 25. Bxe4 Ne8 26. Qa1+ N6g7 27. Nec3 Nc7 28.
Bg2 Na6 29. Red1 Qd7 30. Ne3 Bxg2 31. Nxg2 Nf5 32. g4 Nd4 33. Ne2 Qg7 34. Nxd4
cxd4 35. Qxd4 Qxd4 36. Rxd4 Nb4 37. R1d2 Rae8 38. Rxd6 Re4 39. Rd7 a5 40. Rxb7
Rfe8 41. Rbd7 Re2 42. Kg3 Nxa2 43. Rxe2 Rxe2 44. Ra7 Nc1 45. Rxa5 Nxb3 46. Ra8+
Kg7 47. Kf3 Rc2 48. Ne3 Rc3 49. Ke2 1-0

[Event "World Blitz 2025"]
[Site "Doha QAT"]
[Date "2025.12.29"]
[Round "5.122"]
[White "Dudin, Gleb"]
[Black "Al-Kuwari, Hamad"]
[Result "1-0"]
[WhiteTitle "GM"]
[BlackTitle "CM"]
[WhiteElo "2585"]
[BlackElo "1809"]
[WhiteFideId "34184934"]
[BlackFideId "12102679"]
[EventDate "2025.12.29"]

1. Nf3 d5 2. b3 c5 3. e3 a6 4. Bb2 Nc6 5. d4 Bg4 6. Nbd2 cxd4 7. exd4 e6 8. a3
Bd6 9. Bd3 Nf6 10. O-O O-O 11. Qe1 Nd7 12. c4 dxc4 13. bxc4 Re8 14. Qb1 h6 15.
Re1 Be7 16. h3 Bxf3 17. Nxf3 Bf6 18. Bh7+ Kh8 19. Be4 Na5 20. Qd3 Qc7 21. Rac1
e5 22. d5 1-0